The new bureaucracy: quality assurance and its critics (Record no. 407208)

000 -LEADER
fixed length control field 00370cam a22001337a 4500
008 - FIXED-LENGTH DATA ELEMENTS--GENERAL INFORMATION
fixed length control field 180718b2007 xxu||||| |||| 00| 0 eng d
020 ## - INTERNATIONAL STANDARD BOOK NUMBER
International Standard Book Number 1861349286
082 ## - DEWEY DECIMAL CLASSIFICATION NUMBER
Classification number K18 T698
100 ## - MAIN ENTRY--PERSONAL NAME
Personal name Travers, Max
245 ## - TITLE STATEMENT
Title The new bureaucracy: quality assurance and its critics
Statement of responsibility, etc. by Max Travers
260 ## - PUBLICATION, DISTRIBUTION, ETC.
Place of publication, distribution, etc. Bristol
Name of publisher, distributor, etc. Policy Press
Date of publication, distribution, etc. 2007
300 ## - PHYSICAL DESCRIPTION
Extent 202p.
650 ## - SUBJECT ADDED ENTRY--TOPICAL TERM
Topical term or geographic name entry element Buraucracy
Holdings
Withdrawn status Lost status Damaged status Not for loan Permanent Location Current Location Date acquired Full call number Barcode Date last seen Price effective from Koha item type
        Indian Institute of Public Administration Indian Institute of Public Administration 2007-11-05 K18 T698 82264 2018-07-21 2018-07-21 Book

Powered by Koha